000 05472cam a22019334i 4500
003 PE-LiUPU
005 20250813165702.0
008 150625s2006 sp a rb 000 0 spa d
020 _a84847440363
020 _a8484762726
020 _a9788484762928
035 _a(Sirsi) i84847440363
040 _aPE-LiUPU
_bspa
_cPE-LiUPU
_erda
049 _aPRUA
082 0 4 _a641.3008
_bG79 2006
082 0 4 _a641.3008
_bG79
_221
100 1 _aGraciani Cosntante, Enrique,
_eautor.
245 1 4 _aLos aceites y grasas :
_bcomposición y propiedades /
_cEnrique Graciani Cosntante.
264 1 _aMadrid :
_bA. Madrid Vicente : Mundi-Prensa,
_c2006.
300 _aCD-ROM (61447)
300 _aVIII, 316 páginas :
_bilustraciones ;
_c30 centímetros
336 _atext
_2rdacontent
337 _aunmediated
_2rdamedia
338 _avolume
_2rdacarrier
504 _aIncluye bibliografía por capítulos.
505 0 _aMaterias grasas. generalidades -- Componentes de los aceites y/o grasas y compuesto relacionados -- Carotenoides -- Clorofilas -- Propiedades físicas de los aceites y grasas, de sus componentes y derivados -- Propiedades quimícas de los aceites y grasas -- Oxidación lipídica -- Modificaciones químicas que tienen lugar en los componentes de los aceites, durante la desodorización y/o refinación física de los mismos.
526 _aP203
526 _aP200
526 _aSEG65
526 _aSEG64
526 _aSEG63
526 _aSEG62
526 _aSEG61
526 _aSEG60
526 _aSEG59
526 _aSEG58
526 _aSEG57
526 _aSEG56
526 _aSEG55
526 _aSEG54
526 _aSEG53
526 _aSEG52
526 _aSEG51
526 _aSEG50
526 _aSEG49
526 _aSEG48
526 _aSEG47
526 _aSEG46
526 _aSEG24
526 _aSEG23
526 _aSEG22
526 _aSEG21
526 _aSEG20
526 _aSEG19
526 _aSEG18
526 _aSEG17
526 _aSEG16
526 _aSEG14
526 _aSEG13
526 _aSEG12
526 _aSEG11
526 _aSEG10
526 _aSEG09
526 _aSEG06
526 _aSEG05
526 _aSEG04
526 _aSEG03
526 _aSEG02
526 _aSEG68
526 _aSEG66
526 _aSEG45
526 _aSEG25
526 _aSEG01
526 _aP163
526 _aP162
526 _aP161
526 _aP160
526 _aP159
526 _aP158
526 _aP157
526 _aP156
526 _aP155
526 _aP154
526 _aP153
526 _aP152
526 _aP151
526 _aP150
526 _aP149
526 _aP142
526 _aP141
526 _aP140
526 _aP139
526 _aP138
526 _aP137
526 _aP132
526 _aP131
526 _aP130
526 _aP126
526 _aP125
526 _aP124
526 _aP123
526 _aP115
526 _aP122
526 _aP121
526 _aP116
526 _a P114
526 _aP112
526 _aP111
526 _aP104
526 _aP103
526 _aP102
526 _aP101
526 _aP100
526 _aP96
526 _aP95
526 _aP93
526 _aP92
526 _aP91
526 _aP88
526 _aP83
526 _aP82
526 _aP79
526 _aP78
526 _aP75
526 _aP74
526 _aP71
526 _aP69
526 _a P51
526 _aP49
526 _aP48
526 _aP47
526 _aP33
526 _aP31
526 _a P30
526 _aP29
526 _aP27
526 _aP26
526 _aP25
526 _aP24
526 _a P22
526 _aP10
526 _aP09
526 _a P08
526 _aP06
526 _aP05
526 _aP04
526 _aP01
541 _g015-009039;
541 _g015-0011462;
650 1 4 _aAceites y grasas comestibles
_xAnálisis.
700 1 _aGraciani Cosntante, Enrique,
_eeditor.
910 _bjv
_cjcm
_d20100416
910 _cwelc
_d20161003
942 _2ddc
_cBOOK
949 _a641.3008 G79 2006
_wDEWEY
_c1
_iFJ02435
_lCCODEBUJ1
_mBUJ
_p72.00
_r0
_sY
_tBOOK
_u2016-10-3
_xINGENIERIA
_PP26
_0COMPRA
_o.STAFF. Colección General Juliaca
949 _a641.3008 G79
_wDEWEY
_c1
_i61447
_d2015-9-4
_e2015-9-3
_lCCODEBUL1
_mBUL
_n1
_p73.00
_r0
_sY
_tBOOK
_u2015-6-25
_xINGENIERIA
_PP26
_0COMPRA
_o.STAFF. Colección General
949 _a641.3008 G79
_wDEWEY
_c2
_i57851
_lCCODEBUL1
_mBUL
_p72.00
_r0
_sY
_tBOOK
_u2015-6-25
_xINGENIERIA
_PP26
_0COMPRA
_o.STAFF. Colección General
994 _aC0
_bPEPRU
596 _a1 3
999 _a641.3008 G79
_wDEWEY
_c46843
_i61447
_d46843
_e2017-8-22
_f2021-11-9
_g7
_lCCODEBUL1
_mBUL
_n2
_p73.00
_r0
_sY
_tBOOK
_u2015-6-25
_xINGENIERIA
_PP26
_0COMPRA
_o.STAFF. Colección Ingeniería y Arquitectura
999 _a641.3008 G79
_wDEWEY
_c2
_i57851
_e2017-5-29
_f2021-11-9
_g7
_lCCODEBUL1
_mBUL
_n1
_p72.00
_r0
_sY
_tBOOK
_u2015-6-25
_xINGENIERIA
_PP26
_0COMPRA
_o.STAFF. Colección General
999 _a641.3008 G79 2006
_wDEWEY
_c1
_iFJ02435
_d2017-11-15
_f2017-12-28
_g1
_lCCODEBUJ1
_mBUJ
_p72.00
_q4
_r0
_sY
_tBOOK
_u2016-10-3
_xINGENIERIA
_PP26
_0COMPRA
_o.STAFF. Colección General Juliaca
980 _81
_gALBERTO SANCHEZ Responsable de Automatización